000 00311nam a2200133Ia 4500
008 191201s2011 xx 000 0 und d
100 _aDAVIS,Gordon B
245 0 _aManagement Information System
250 _aRep
260 _aN. delhi
_bTMH
_c2011
300 _a693
650 _aM.Tech (ME)
942 _2ddc
_cBK
999 _c5235
_d5235